000 00667cab a2200229 4500
001 WB3429-25
008 090401t1998 xxu||||| |||| 00| 0 eng d
035 _a(Sirsi) u87675
041 _aeng
245 _aHomes of the future
260 _c1998
350 _a0
490 _aIndependent on Sunday
_v26 July 1998, 8(1)
520 _aThe race is on to find new energy-efficient, technologically advanced housing for the millennium, which consumers will accept.
650 _aENERGY EFFICIENT HOUSING
650 _aGREEN HOUSING
650 _aHOUSING DESIGN
650 _aTECHNOLOGY
690 _aHOUSING-DEVELOPMENT
942 _n0
948 _c28/07/1998
999 _c55312
_d55312